000 00677nam a2200217Ia 4500
003 GCL
008 140319s9999 xx 000 0 ara d
020 _a7971209960
040 _aGCL /
_cGCL
082 0 4 _a214
_bم س
100 1 _aمحمد رجب
245 1 0 _aايها الولد لابى حامد الغزالى /
_cمحمد رجب
250 _aالاولى
260 _aالرياض :
_bمكتبة العبيكان ،
_c2001
300 _a31 ص ؛
_c24 سم
650 0 4 _aالثقافة الاسلامية
650 0 4 _aالقران - تفسير
650 0 4 _aالشباب - الحياة الدينية
650 0 4 _aالقران - تراجم
942 _2ddc
_cBK
999 _c5492
_d5492